RICS construction market survey United Kingdom (Record no. 110239)

MARC details
000 -LEADER
fixed length control field 01414cad a22002415a 4500
001 - CONTROL NUMBER
control field L148811
008 - FIXED-LENGTH DATA ELEMENTS--GENERAL INFORMATION
fixed length control field 091111s2009 xxkd f s 000 0 eng d
035 ## - SYSTEM CONTROL NUMBER
System control number (Sirsi) u148811
041 0# - LANGUAGE CODE
Language code of text/sound track or separate title eng
050 04 - LIBRARY OF CONGRESS CALL NUMBER
Classification number 338.47624 $2 18
110 2# - MAIN ENTRY--CORPORATE NAME
Corporate name or jurisdiction name as entry element Royal Institution of Chartered Surveyors
Subordinate unit Economics
9 (RLIN) 5033
245 00 - TITLE STATEMENT
Title RICS construction market survey United Kingdom
Remainder of title third quarter 2009
Medium [electronic resource]
260 ## - PUBLICATION, DISTRIBUTION, ETC.
Place of publication, distribution, etc. London
Name of publisher, distributor, etc. RICS
Date of publication, distribution, etc. 2009
490 #0 - SERIES STATEMENT
Series statement RICS Construction Market Survey United Kingdom
Volume/sequential designation Third Quarter 2009
520 ## - SUMMARY, ETC.
Summary, etc. Reports that in the third quarter 2009, construction workload declined across all sectors, remaining in negative territory, except in public works. 6% of surveyors reported a decline in activity compared to 26% in the second quarter 2009. This is the best reading since the first quarter 2008. Private commercial workloads experienced a worse situation than in the last quarter as 12% more surveyors reported a drop in workloads. Outlook is slightly more positive for the next 12 months, with more surveyors expecting workloads to rise.
521 2# - TARGET AUDIENCE NOTE
Target audience note Advanced
590 ## - LOCAL NOTE (RLIN)
Local note KA
650 24 - SUBJECT ADDED ENTRY--TOPICAL TERM
Topical term or geographic name entry element RICS CONSTRUCTION MARKET SURVEY UNITED KINGDOM
651 #4 - SUBJECT ADDED ENTRY--GEOGRAPHIC NAME
Geographic name United Kingdom
Chronological subdivision
690 ## - LOCAL SUBJECT ADDED ENTRY--TOPICAL TERM (OCLC, RLIN)
Topical term or geographic name as entry element BUILT ENVIRONMENT-CONSTRUCTION MARKET
856 40 - ELECTRONIC LOCATION AND ACCESS
Uniform Resource Identifier <a href="https://www.rics.org/site/scripts/download_info.aspx?downloadID=4078">https://www.rics.org/site/scripts/download_info.aspx?downloadID=4078</a>
Public note View the survey free of charge at www.rics.org...
942 ## - ADDED ENTRY ELEMENTS (KOHA)
Suppress in OPAC 0
Holdings
Withdrawn status Lost status Source of classification or shelving scheme Damaged status Not for loan Home library Current library Shelving location Date acquired Total Checkouts Full call number Barcode Date last seen Copy number Price effective from Koha item type
    Dewey Decimal Classification     Virtual Virtual Online 11/11/2009   ONLINE PUBLICATION 148811-2001 06/08/2019 1 06/08/2019 Book